* * * [Ki világítja meg utadat éjjel...] : [vers] /
Elmentve itt :
| Szerző: | |
|---|---|
| További közreműködők: | |
| Dokumentumtípus: | Cikk |
| Megjelent: |
1992
|
| Sorozat: | Tiszatáj
46 No. 10 |
| Kulcsszavak: | Szlovén irodalom - vers |
| Online Access: | http://tiszataj.bibl.u-szeged.hu/15134 |
| LEADER | 00616nab a2200193 i 4500 | ||
|---|---|---|---|
| 001 | tisza15134 | ||
| 005 | 20200330153917.0 | ||
| 008 | 170126s1992 hu o 0|| hun d | ||
| 022 | |a 0133-1167 | ||
| 040 | |a SZTE Tiszatáj Archívum |b hun | ||
| 041 | |a hun | ||
| 100 | 1 | |a Zajc Dane | |
| 245 | 1 | 0 | |a * * * |h [elektronikus dokumentum] : |b [Ki világítja meg utadat éjjel...] : [vers] / |c Zajc Dane |
| 260 | |c 1992 | ||
| 300 | |a 66 | ||
| 490 | 0 | |a Tiszatáj |v 46 No. 10 | |
| 695 | |a Szlovén irodalom - vers | ||
| 700 | 0 | 1 | |a Reiman Judit |
| 856 | 4 | 0 | |u http://tiszataj.bibl.u-szeged.hu/15134/1/tiszataj_1992_010_066a.pdf |z Dokumentum-elérés |